banner-ar

حرب البسوس وقتل الزير سالم : (Record no. 61383)

MARC details
000 -الفاتح
حقل البيانات ثابتة الطول 00926nam a22002417a 4500
005 - وقت وتاريخ اخر تعامل مع التسجيلة
رقم الضبط 20240530110457.0
008 - عناصر البيانات ثابتة الطول - معلومات عامة
حقل البيانات ثابتة الطول 150614s2011 ua g 000 0 ara d
017 ## - رقم الايداع القانونى
رقم الايداع القانونى 2010/22879
المصدر ( الهيئة المختصة) مصر . دار الكتب المصرية
020 ## - الرقم الدولى المعيارى للكتب
الرقم الدولى المعيارى للكتاب 9789774362562
040 ## - مصدر الفهرسة
وكالة الفهرسة الأصلية EG-CaGPL
082 04 - رقم تصنيف ديوى العشرى
رقم الطبعة 21
رقم التصنيف 811.008\
رقم المادة س ح
245 00 - بيان العنوان
العنوان حرب البسوس وقتل الزير سالم :
بقية العنوان وفيه ما كان من كليب وجساس /
بيان المسئوليه,etc عرف بها وقدم لها سعيد ابراهيم
250 ## - بيان الطبعة
بيان الطبعة ط1.
260 ## - PUBLICATION, DISTRIBUTION, ETC. (IMPRINT)
تاريخ النشر أو التوزيع 2011 .
300 ## - الوصف المادى
التعداد 216 ص ؛
أبعاد الوعاء 24 سم .
490 0# - بيان السلسلة
عنوان السلسلة اشهر السير الشعبية .
600 0# - المدخل الاضافى بالموضوع-اسم شخصى
الإسم الشخصى المهلهل ابن ربيعة .
600 0# - المدخل الاضافى بالموضوع-اسم شخصى
الإسم الشخصى امرؤ القيس .
650 04 - المدخل الاضافى بالموضوع-مصطلح موضوعى
مصطلح موضوعي حرب البسوس فى الادب .
700 0# - المدخل الاضافى - اسم شخصى
الإسم الشخصى سعيد ابراهيم
الدور مقدم
942 ## - عناصر المدخل الإضافي( كوها)
مصدر التصنيف او مخطط الترفيف Dewey Decimal Classification
Koha [default] item type كتاب
260 ## - PUBLICATION, DISTRIBUTION, ETC. (IMPRINT)
-- القاهرة :
-- مكتبة النافذة ،
Holdings
حالة التراجع حالة الفقد حالة تلف ليس للاعارة المكان المؤقت الموقع الحالى تاريخ الاكتساب اجمالي اﻻعارات رقم الطلب الباركود تاريخ اخر مشاهدة تاريخ تفعيل السعر نوع وعاء كوها
        مكتبة القاهرة الكبرى مكتبة القاهرة الكبرى 06/14/2015   811.008\ س ح 160674 06/14/2015 06/14/2015 كتاب

Powered By

EGPV